One Piece quiz ultime 14 - Arc Davy Back Fight - Statistiques

Statistiques générales
  • Ce quiz a été pris 12 fois
    5 depuis la dernière actualisation
  • Le résultat moyen est 17 sur 77
Statistiques - réponses
Question Réponse % Correct
Comment Sanji appelle-t-il Nami ? Nami chérie
100%
De combien d'îlots est constitué l'île ? 10
80%
Quel est le surnom de Foxy ? Le renard argenté
80%
Comment Sanji appelle-t-il Robin ? Robin d'amour
80%
Sur quoi est resté perché Tonjit pendant 10 ans ? Des échasses
60%
Qu'est-ce que Tonjit veut offrire à Luffy, Usopp et Chopper ? Du lait
60%
Sur quelle île se déroule le Davy Back Fight ? Long Ring Long Land
60%
Comment s'appelle le navire de Foxy ? Sexy Foxy
60%
Quelle sucrerie Robin donne-t-elle à Chopper ? Une barbe à papa
60%
Combien de temps dure le ralentissement de Foxy ? 30 secondes
40%
Selon Aokiji à qui Luffy ressemble-t-il comme deux gouttes d'eau ? À son grand-père
40%
Qui a crée le Davy Back Fight ? Davy Jones
40%
Dans quelle position était Aokiji en dormant ? Debout
40%
Qui a tiré sur le cheeeval de Tonjit ? Foxy
40%
Quel fruit a mangé Aokiji ? Fruit du Givre /Hie Hie no Mi
40%
Quelle technique Aokiji utilise-t-il pour congeler la mer ? Ice Age
40%
Quelle est la particularité des animaux de l'île ? Ils sont longs
40%
Quel est le vrai nom d'Aokiji ? Kuzan
40%
Qui Foxy choisit-il comme nouveau membre d'équipage après avoir remporté la première épreuve ? Tony Tony Chopper
40%
Qu'est-ce que Sanji et Big Pan doivent mettre sur leurs têtes pour l'épreuve ? Un ballon
40%
Que porte Luffy sur la tête pour la dernière épreuve ? Une coupe afro
40%
Quel moyen de transport utilise Aokiji pour se déplacer sur l'eau ? Un vélo
40%
Qui est l'entraineur de Luffy pour la dernière épreuve ? Usopp
40%
Quel est le montant de la prime de Foxy ? 24.000.000
20%
Qui sont les trois amiraux nommés par Robin ? Akainu, Aokiji et Kizaru
20%
Quelle technique Sanji utilise-t-il pour projeter Zoro en l'air ? Armée de l'Air Power Shoot
20%
Quel est le nom du navire utilisé par Porche, Kapoty et Monda durant la première épreuve ? Cutie Wagon
20%
Quelles souvenirs Luffy et Usopp achètent-ils juste avant la dernière épreuve ? Des badges Foxy
20%
En quoi Foxy s'est-il déguisé en deuxième sur son bateau ? En cuisinier
20%
En quoi Foxy s'est-il déguisé en premier sur son bateau ? En infirmière
20%
Que signifie "Aokiji" en français ? Faisan bleu
20%
Qui Nami a-t-elle proposé de recruter à la place de Chopper, pour ne pas avoir besoin de faire la dernière épreuve ? Foxy
20%
Quel fruit Foxy a-t-il mangé ? Fruit Ramollo / Noro Noro no Mi
20%
Quelle technique Aokiji utilise-t-il pour créer un sabre avec de l'herbe ? Ice Saber
20%
Comment s'appelle la première épreuve ? La Donut Race
20%
Comment s'appelle la tactique que Nami a proposé qui permettait de gagner la dernière épreuve par forfait ? La tactique cacahouète
20%
Qui ou quoi Luffy choisit-il de prendre dans l'équipage de Foxy, suite à sa victoire de la dernière épreuve ? Le drapeau
20%
Comment s'appelle la deuxième épreuve ? Le Groggy Ring
20%
Qu'est-ce qui est censé être interdit d'utilisation durant la deuxième épreuve ? Les armes
20%
Comment s'appelle la technique classique de Foxy pour ralentir le temps ? Ramollo Beam /Noro Noro Beam
20%
Comment s'appelle le cheeeval de Tonjit ? Shelly
20%
Sur quelles plantes Usopp tire-t-il pour les faire tomber sur l'équipe de Porche ? Sur des bambous
20%
Sur qui Sanji balance-t-il Pickles en dehors du terrain ? Sur l'arbitre
20%
Que doit-on lancer à la mer pour débuter une partie de Davy Back Fight à trois manches ? Trois pièces
20%
Dans quoi faut-il mettre la balle pour remporter le match ? Une bouée
20%
Quel type de justice prône Aokiji ? Une justice pépère
20%
Qu'est-ce que Usopp utilise deux fois pendant la course pour gagner en vitesse ? Un impact dial
20%
Quel objet utilise Foxy pour faire rebondir ses rayons ramollo ? Un miroir
20%
Quel est le nom de la race du croisement entre un géant et un homme-poisson ? Wotan
20%
Combien de duels Foxy a-t-il remporté durant les Davy Back Fight ? 920
0%
Quel est le nom du navire utilisé par Nami, Usopp, et Robin durant la première épreuve ? Baril Tiger / Taru Tiger
0%
Avec quelle technique Sanji bat-il Hamburg ? Bouquetière Shoot
0%
Comment s'appelle le super moineau de l'animateur ? Chuchun / Cui-Cui
0%
Comment s'appelle le bâton de Porche ? Cutie Baton
0%
Quels monstres marins ressemblant à des singes viennent taquiner le Merry ? Des sea monkeys
0%
Comment s'appelle l'animateur en chef du Davy Back Fight ? Itomimizu / Tubifex Lombric
0%
Quel est le nom du charpentier combattant de l'équipage de Foxy ? Donovan
0%
Quel est le rire de Foxy ? Fehfehfehfeh
0%
Quel est le nom de la femme charpentier de l'équipage de Foxy ? Gina
0%
Quel est le nom de la machine à coups de poing de Foxy ? Gorilla PuncherNuméro 13
0%
Avec quelle technique Luffy met-il un crochet à son adversaire ? Gum Gum Hameçon / Gomu Gomu no Hook
0%
Avec quelle technique Luffy bat-il Foxy ? Gum Gum Fléau /Gomu Gomu no Flail
0%
Avec quelle technique Aokiji congèle-t-il Luffy et Robin ? Ice Time
0%
À quelle famille d'homme-poisson appartient Big Pan ? La loche
0%
Quel est le surnom de Pickles ? La machine à tacles
0%
Comment Luffy surnomme-t-il Foxy ? Le cornu
0%
Quel équipage venant de perdre face à Foxy, les chapeaux de paille croise-t-il en mer ? L'équipage de la grenouille cornue
0%
Quel est le nom de l'équipe formé par Hamburg, Pickles et Big Pan ? Les Groggy Monsters
0%
À quelle famille d'homme-poisson appartient Kapoty ? L'espadon / le marlin
0%
Quel est le surnom de Hamburg ? Le sprinteurquadrupède
0%
Quel est le nom du cap situé derrière le tourbillon ? Long Cape
0%
Quel est le nom du gigantesque tourbillon à la sortie du récif coralien ? Long Ring
0%
Quel est le nom du récif coralien de l'île ? Longue barrière de corail
0%
Quel est le nom des immenses colones d'eau de l'île ? Long Waves
0%
Comment s'appelle l'épée de Foxy ? Ramollo Beam Sword
0%
Quel est le nom du chef d'une cinquantaine de charpentiers de l'équipage de Foxy ? Sonieh
0%
Qu'est-ce que Foxy a commandé auprès de Hamburg, Pickles et Big Pan ? Un Monster Burger
0%
Aucun quiz correspondant
Distribution des résultats
% des personnes avec chaque résultat
Percentile par nombre de réponses
Votre historique - résultats
Vous n’avez pas pris ce quiz depuis la dernière actualisation